Klikk for å oversette - Dansk - Statistics

General Stats
  • This quiz has been taken 5 times
  • The average score is 14 of 20
Answer Stats
Hint Answer % Correct
Femti Halvtreds
100%
Snø Sne
100%
Å le At grine
75%
Bilde Billede
75%
Brann Brand
75%
Gutt Dreng
75%
Fotball Fodbold
75%
Lunsj Frokost
75%
Rask Hurtig
75%
Ingenting Intet
75%
Potet Kartoffel
75%
Rosa Lyserød
75%
Veldig Meget
75%
Godteri Slik
75%
Innsjø
75%
Klær Tøj
75%
Dusj Bruser
50%
Basseng Pool
50%
Brett Bakke
25%
Sau Får
25%
No matching quizzes found
Score Distribution
Percent of People with Each Score
Percentile by Number Answered
Your Score History
You have not taken this quiz